Guess the Movie - Minimalistic Pictures #2 - Statistics

General Stats
  • This quiz has been taken 149 times
    146 since last reset
  • The average score is 10 of 20
Answer Stats
Picture Hint Answer % Correct
2014 The Lego Movie
91%
2011 Thor
90%
1981 Indiana Jones Series
81%
2012 Brave
76%
2009 The Hangover
76%
1980 Friday the 13th
73%
2010 How to Train Your Dragon
57%
2001 The Lord of the Rings Series
57%
2009 Fantastic Mr. Fox
55%
2007 No Country for Old Men
53%
2008 Bolt
52%
2007 Ghost Rider
50%
2007 I Am Legend
49%
2005 King Kong
45%
2002 Phone Booth
24%
2006 Pan's Labyrinth
19%
1992 Candyman
18%
2008 Vicky Cristina Barcelona
9%
1998 Rounders
2%
2013 The Croods
2%
No matching quizzes found
Score Distribution
Percent of People with Each Score
Percentile by Number Answered
Your Score History
You have not taken this quiz since the last reset